000 00889nam a2200229 a 4500
001 53193
003 BD-RjUL
005 20211209075926.0
008 161004s1963 ii ||||| |||| 00| 0 ben d
020 _c: IRs 3.75
035 _a(BD-RjUL)53313
040 _aBD-RjUL
_bben
_cBD-RjUL
041 _aben
082 _223
_a891.44109
_bSEK 1963
100 _aসেনগুপ্ত, যতীন্দ্রনাথ
_9159009
245 1 0 _aকাব্য-পরিমিতি /
_cযতীন্দ্রনাথ সেনগুপ্ত
260 _aকলিকাতা :
_bজিজ্ঞাসা,
_c১৯৬৩ [১৩৭০]
300 _a১১৯ পৃ. ;
_c১৮ সেমি.
650 _aবাংলা কবিতা
_xইতিহাস ও সমালোচনা
_9159010
650 _aBengali Poetry
_xHistory & Criticism
_9121573
942 _2ddc
_cBK
999 _c53193
_d53193